Normale Ansicht MARC-Ansicht ISBD

Materialy dlja russkoj ikonografii (Titelsatznr. 19890)

[ MARC ]
MARC-Details
000 -Satzkennung
Kontrollfeld mit fester Länge 00984nam a22003371c 4500
001 - Kontrollnummer
Kontrollfeld a987663491
008 - Feld mit fester Länge zur physischen Beschreibung - Allgemeine Angaben
Kontrollfeld mit fester Länge 090406s2006 gw |||| 000u rus d
041 ## - Sprachcode
Sprachcode des Textes/der Tonspur oder des separaten Titels rus
040 ## - Katalogisierungsquelle
Übertragungsstelle RU-10907106
003 - Kontrollnummer Identifier
Kontrollfeld RU-10907106
100 1# - Haupteintragung - Personenname
Personenname Rovinskij, Dmitrij A.
Koha-Normdatenidentnummer 14494
245 00 - Titel
Titel Materialy dlja russkoj ikonografii
264 ## - Produktion, Veröffentlichung, Distribution, Herstellung und Urheberrechtsvermerk
Herstellungs-, Veröffentlichungs- Vertriebs-, Erzeugungsort Moskva :
Produzent, Herausgeber, Distributor, Hersteller Kodis,
Datum der Herstellung, der Veröffentlichung, des Vertriebs oder des Urheberschutzvermerks 2006
300 ## - Physische Beschreibung
Umfang 1 CD-ROM
336 ## - Inhaltstyp
Inhaltstypterm Text
Inhaltstypcode txt
Quelle rdacontent
337 ## - Medientyp
Bezeichnung des Medientyps Computermedien
Medientypcode c
Quelle rdamedia
338 ## - Datenträgertyp
Datenträgertypbezeichnung Computerdisk
Datenträgertypcode cd
Quelle rdacarrier
490 #0 - Gesamttitelangabe
Gesamttitelangabe Elektronnyj zapasnik Gosudarstvennoj publičnoj istoričeskoj biblioteki Rossii
500 ## - Allgemeine Fußnote
Allgemeine Fußnote Sonderstandort, wenden Sie sich bitte an das Bibliothekspersonal.
520 ## - Fußnote zu Zusammenfassungen usw.
Fußnote zur Zusammenfassung usw. Enth. 12 Lieferungen
650 #0 - Nebeneintragung unter einem Schlagwort - Sachschlagwort
Sachschlagwort oder geografischer Name als Eintragungselement Ikonographie
Koha-Normdatenidentnummer 14495
650 #0 - Nebeneintragung unter einem Schlagwort - Sachschlagwort
Sachschlagwort oder geografischer Name als Eintragungselement Kunst
650 #0 - Nebeneintragung unter einem Schlagwort - Sachschlagwort
Sachschlagwort oder geografischer Name als Eintragungselement Karikatur
Koha-Normdatenidentnummer 9366
650 #0 - Nebeneintragung unter einem Schlagwort - Sachschlagwort
Sachschlagwort oder geografischer Name als Eintragungselement Öffentlichkeit
Koha-Normdatenidentnummer 3556
650 #0 - Nebeneintragung unter einem Schlagwort - Sachschlagwort
Sachschlagwort oder geografischer Name als Eintragungselement Presse
650 #0 - Nebeneintragung unter einem Schlagwort - Sachschlagwort
Sachschlagwort oder geografischer Name als Eintragungselement Lubok
Koha-Normdatenidentnummer 14496
650 #0 - Nebeneintragung unter einem Schlagwort - Sachschlagwort
Sachschlagwort oder geografischer Name als Eintragungselement Gravur
Koha-Normdatenidentnummer 14497
650 #0 - Nebeneintragung unter einem Schlagwort - Sachschlagwort
Sachschlagwort oder geografischer Name als Eintragungselement Propganda
Koha-Normdatenidentnummer 14498
650 #0 - Nebeneintragung unter einem Schlagwort - Sachschlagwort
Sachschlagwort oder geografischer Name als Eintragungselement
942 ## - Zusätzliche Felder (Koha)
Koha-Medientyp AV-Medien
Exemplare
Ausgeschieden Verloren Beschädigt Nicht entleihbar Heimatbibliothek Aufenthaltsbibliothek Aufstellungsort Erwerbungsdatum Inventarnummer Signatur Barcode Letzte Aktivität Preis gültig von Koha-Medientyp
        MWN Osteuropa MWN Osteuropa Magazin - 2 06/04/2009 09-01211 Inventur20150409 R 50 x Rov 19893 18/03/2021 22/03/2021 AV-Medien